Statistics for Power countries of the world

Click here to take the quiz!

General Stats

  • This quiz has been taken 36 times
  • The average score is 14 of 15

Answer Stats

Answer% Correct
China
100%
Japan
100%
Russia
100%
United Kingdom
100%
Australia
97%
France
97%
India
97%
Indonesia
97%
Italy
97%
Spain
97%
Turkey
97%
United States of America
97%
Germany
94%
Philippines
90%
South Korea
77%

Score Distribution

Percentile by Number Answered

Percent of People with Each Score

Your Score History

You have not taken this quiz